000 02451nam0a2200385 4500
001 RU\NLR\BIBL_A\016216096
005 20260406095329.0
010 _a978-5-17-139514-8
_91500
021 _aRU
_b2022-74416
_9КН-П-6480
035 _a(NLR Aleph) 016216096
035 _a(RuMoRGB)011307965
090 _a12722745
_c12722745
100 _a20221123d2022 k y0rusy50 ca
101 0 _arus
102 _aRU
105 _aach|z|||000zb
181 0 _ai
_baxxe
182 0 _an
200 1 _aСтанислав Ростоцкий. Счастье - это когда тебя понимают
_e[сборник
_fавтор-составитель: Ростоцкая Марианна Альбертовна]
203 _aТекст
_bвизуальный
_cнепосредственный
210 _aМосква
_cАСТ
_cКладезь
_d2022
215 _a254 с., [8] л. ил., портр., факс.
_d22
225 1 _aЗеркало памяти
320 _aФильмогр.: с. 251-252
330 _aВ этой книге собраны дневники Станислава Иосифовича и обращенные к нему письма. Режиссер открывается в них искренне и доверительно: именно таким он стремился появиться перед своим зрителем. В воспоминаниях Станислава Ростоцкого показана история целого поколения, родившегося в революционную эпоху, прошедшего войну и уходящего в постперестроечную эпоху. Он считал, что важнейший талант человека - дар чувствовать чужую боль как свою. И это нашло отражение в его фильмах
333 _a16+
600 1 _aРостоцкий
_bС.И.
_f1922 - 2001
_gСтанислав Иосифович
_91376230
_3RU\NLR\AUTH\66577088
675 _a791.633(470)(092)
_v4
686 1 _aЩ374.3(2Р)7-85Ростоцкий
702 1 _4220
_7ca
_8rus
_aРостоцкая
_bМ. А.
_f1963-
_gМарианна Альбертовна
_3RU\NLR\AUTH\770287753
_92689866
702 1 _aРостоцкий
_bС. И.
_f1922-2001
_gСтанислав Иосифович
_4280
942 _cBOOK
980 _aNB